| 000 | 00332nam a2200133Ia 4500 | ||
|---|---|---|---|
| 005 | 20251222141929.0 | ||
| 008 | 251222s9999||||xx |||||||||||||| ||spa|| | ||
| 020 | _a9972-9394-1-3 | ||
| 082 | _a512/H35 | ||
| 100 | _aHefez, Abramo | ||
| 245 | 0 | _aCurso de Álgebra | |
| 264 | _bInstituto de Matemática y Ciencias Afines | ||
| 942 | _cLIB | ||
| 999 |
_c8970 _d8970 |
||